000 01661nkm a2200397 4500
001 RU\NLR\DIGIT\2496
005 20250806203143.0
035 _a(NLR Aleph) 010109080
090 _a79559
_c79559
100 _a20011217d1941 u y0rusy50 ca
101 0 _arus
102 _aRU
135 _acoco 024apabp
200 1 _aЯхты у "Стрелки"
_gФото Л.Зиверта
210 _cЛенфотохудожник
_aЛенинград
_eЛенинград
_d1941
_gЛенфотохудожник
215 _d10х14
_aФот.
317 _5NLR
_aКоллекция И.П. Чуракова
325 _aКопия доступна в Электрон. б-ке РНБ http://vivaldi.nlr.ru/lo000000625/view
610 1 _aЛенинград
610 1 _aЕлагин остров
610 1 _aПриморский район
801 2 _aRU
_bNLR
_c20070626
_2rusmarc
852 _aNLR
_jЭ ОТ63/Л452
856 0 _uhttp://vivaldi.nlr.ru/lo000000625/view
856 1 _uhttp://vivaldi.nlr.ru/lo000000625/cover
856 2 _uhttp://vivaldi.nlr.ru/lo000000625/text
942 _cVISUAL
945 _aРоссийская национальная библиотека
980 _aBV
981 3 7 _a(37) Ленинград в Великой Отечественной войне
981 1 3 _a(13) Документы, защищенные авторским правом
981 3 6 _a(36) Цифровой репозиторий РНБ
981 3 4 _a(34) Санкт-Петербург
981 1 7 _a(17) Изографические материалы
_b(17) Открытки